000 01486nam0a22003491 4500
001 rc\2218810
005 20180410144930.0
035 _a(NLR Aleph) 006707051
090 _a5303722
_c5303722
100 _a20110829d1978 |||y0rusy50 ca
101 0 _arus
102 _aRU
105 _aa z |||||
200 1 _aСтруктура и свойства металлических материалов
_eУчеб. пособие по курсу "Материаловедение" для студентов технол. спец. 1001-1017
_fЕ.А. Рудаков, В.Н. Киприянова, В.А. Якушов
210 _aКраснодар
_cКубан. ун-т
_d1978
215 _a77 с.
_cил.
_d20
300 _aВ надзаг.: Кубан. гос. ун-т
320 _aБиблиогр.: с. 77
606 _aМеталловедение
_2psbo
700 1 _aРудаков
_bЕ. А.
_gЕвгений Алексеевич
701 1 _aЯкушов
_bВ. А.
701 1 _aКиприянова
_bВ. Н.
_cканд. техн. наук
_gВера Николаевна
_3RU\NLR\AUTH\770187153
702 1 _aКиприянова
_bВ. Н.
_cканд. техн. наук
_gВера Николаевна
_3RU\NLR\AUTH\770187153
702 1 _aЯкутов
_bВ. А.
801 0 _aRU
_bNLR
_gpsbo
801 1 _aRU
_bELAR
_2rusmarc
852 _aNLR
_j79-4/30026
899 _aRuMoRGB
_jB 79-44/2367
899 _aRuMoRGB
_jB 79-44/2368
942 _cBOOK
980 _aNB